[Event "Naperville Diesen Memorial"]
[Site "Naperville"]
[Date "2022.09.25"]
[Round "7"]
[White "Kolay, Alex"]
[Black "Oberoi, Shelev"]
[Result "1-0"]
[WhiteElo "2257"]
[BlackElo "2291"]
[PlyCount "111"]
[EventDate "2022.09.22"]
[EventType "tourn"]
[EventRounds "9"]
[EventCountry "USA"]
[SourceTitle "CBM 210 Extra"]
[Source "ChessBase"]
[SourceDate "2022.11.30"]
[SourceVersion "1"]
[SourceVersionDate "2022.11.30"]
[SourceQuality "1"]

1. d4 d5 2. c4 dxc4 3. e4 e5 4. Nf3 Bb4+ 5. Nc3 exd4 6. Nxd4 Nd7 7. Bxc4 Ngf6 8. 0-0 0-0 9. f3 Ne5 10. Be2 c5 11. Nc2 Bxc3 12. bxc3 Qa5 13. Qe1 Qa4 14. Ne3 Be6 15. f4 Nc4 16. e5 Nxe3 17. Bxe3 Nd7 18. Qb1 Bc4 19. Bxc4 Qxc4 20. Qb3 Qe4 21. Rfe1 Qc6 22. Rad1 Nb6 23. Rd6 Qe4 24. Bf2 Qxf4 25. Bxc5 Rfc8 26. Bd4 Nc4 27. Rd7 b6 28. e6 f6 29. e7 Qb8 30. Rd8+ Rxd8 31. Qxc4+ Kh8 32. exd8Q+ Qxd8 33. Qf7 Qg8 34. Re7 b5 35. Rxa7 Re8 36. Kf2 h6 37. a3 Kh7 38. Qxg8+ Kxg8 39. Rb7 Ra8 40. Bc5 h5 41. Rxb5 Kh7 42. Bb4 Kg6 43. c4 f5 44. c5 Kg5 45. c6 Rc8 46. Rb6 Kh4 47. Be7+ Kg4 48. h3+ Kf4 49. Bd6+ Ke4 50. c7 f4 51. Rb8 Rxc7 52. Bxc7 Kf5 53. a4 Kg5 54. a5 Kh4 55. Bd8+ g5 56. Rb5 1-0

[Event "PNWCC vs Europe Hybrid 08"]
[Site "Chess.com INT"]
[Date "2022.08.20"]
[Round "3"]
[White "Drenchev, Petar"]
[Black "Kolay, Alex"]
[Result "1/2-1/2"]
[WhiteElo "2344"]
[BlackElo "2195"]
[PlyCount "77"]
[EventDate "2022.08.19"]
[EventType "team-match"]
[EventRounds "8"]
[EventCountry "USA"]
[SourceTitle "EXT 2024"]
[Source "ChessBase"]
[SourceDate "2023.10.10"]
[SourceVersion "1"]
[SourceVersionDate "2023.10.10"]
[SourceQuality "1"]
[WhiteTeam "Europe"]
[BlackTeam "PNWCC"]
[BlackTeamCountry "USA"]

1. e4 e6 2. d4 d5 3. Nd2 c5 4. exd5 Qxd5 5. Ngf3 cxd4 6. Bc4 Qd6 7. 0-0 Nf6 8. Nb3 Nc6 9. Nbxd4 Nxd4 10. Nxd4 Be7 11. Nb5 Qc6 12. Qe2 0-0 13. Re1 a6 14. Nd4 Qc7 15. Bb3 Bd7 16. Bg5 h6 17. Bh4 Qf4 18. Nf3 Bc6 19. Bg3 Bxf3 20. Bxf4 Bxe2 21. Rxe2 Rfd8 22. Kf1 Rac8 23. c3 Bd6 24. Bd2 Ng4 25. h3 Ne5 26. Rd1 Bb8 27. Be3 Rxd1+ 28. Bxd1 Nc4 29. Bc1 Rd8 30. Bc2 b5 31. a4 Kf8 32. b3 Nb6 33. axb5 axb5 34. Rd2 Rc8 35. Ba3+ Kg8 36. Be4 Be5 37. Bb4 f5 38. Bb7 Rc7 39. Bf3 1/2-1/2

[Event "Charlotte CCCSA Summer IM-B"]
[Site "Charlotte"]
[Date "2022.07.24"]
[Round "1"]
[White "Kolay, Alex"]
[Black "Wang, Tianqi"]
[Result "0-1"]
[WhiteElo "2188"]
[BlackElo "2402"]
[PlyCount "74"]
[EventDate "2022.07.24"]
[EventType "tourn"]
[EventRounds "9"]
[EventCountry "USA"]
[SourceTitle "CBM 209 Extra"]
[Source "ChessBase"]
[SourceDate "2022.09.30"]
[SourceVersion "1"]
[SourceVersionDate "2022.09.30"]
[SourceQuality "1"]

1. d4 d5 2. c4 c6 3. Nf3 Nf6 4. Nc3 a6 5. c5 Bf5 6. Bf4 Nbd7 7. h3 e6 8. Qb3 Ra7 9. e3 h6 10. Be2 Be7 11. Bh2 0-0 12. 0-0 Ne4 13. Rac1 Re8 14. Na4 a5 15. Bd3 Ng5 16. Nxg5 hxg5 17. f3 Bf6 18. Bxf5 exf5 19. Rcd1 g6 20. Rfe1 g4 21. hxg4 fxg4 22. e4 gxf3 23. gxf3 Bg7 24. Nc3 b6 25. cxb6 Nxb6 26. e5 Nd7 27. Qc2 Nf8 28. Na4 Ne6 29. Qxc6 Rc7 30. Qb5 Rc2 31. Re2 Qg5+ 32. Kh1 Rec8 33. Nc3 Nxd4 34. Rxd4 R8xc3 35. Rd1 Qf5 36. Rf1 Rxf3 37. Rg1 Rf2 0-1

[Event "Las Vegas National op"]
[Site "Las Vegas"]
[Date "2022.06.09"]
[Round "2"]
[White "Batchuluun, Tsegmed"]
[Black "Kolay, Alex"]
[Result "1-0"]
[WhiteElo "2513"]
[BlackElo "2251"]
[PlyCount "65"]
[EventDate "2022.06.08"]
[EventType "swiss"]
[EventRounds "9"]
[EventCountry "USA"]
[SourceTitle "CBM 208 Extra"]
[Source "ChessBase"]
[SourceDate "2022.07.31"]
[SourceVersion "1"]
[SourceVersionDate "2022.07.31"]
[SourceQuality "1"]

1. d4 d5 2. c4 c6 3. Nf3 Nf6 4. Nc3 dxc4 5. a4 a5 6. e4 Bg4 7. Bxc4 e6 8. Be3 Bb4 9. Qc2 Nbd7 10. Nd2 Bh5 11. f3 Bg6 12. Qb3 0-0 13. 0-0 e5 14. dxe5 Nxe5 15. Be2 Qe7 16. Nc4 Bc5 17. Bxc5 Qxc5+ 18. Kh1 Nxc4 19. Bxc4 Rfd8 20. Rad1 h6 21. Ne2 Nd7 22. Nf4 Ne5 23. Be2 Qe7 24. Qb6 Bh7 25. Rxd8+ Qxd8 26. Qxb7 Rb8 27. Qa7 g5 28. Rd1 Qb6 29. Qxb6 Rxb6 30. Rd8+ Kg7 31. Nh5+ Kg6 32. Rd6+ Kxh5 33. g4+ 1-0

[Event "North American op 31st"]
[Site "Las Vegas"]
[Date "2021.12.26"]
[Round "2"]
[White "Kolay, Alex"]
[Black "Vazquez, Guillermo"]
[Result "0-1"]
[WhiteElo "2233"]
[BlackElo "2532"]
[PlyCount "120"]
[EventDate "2021.12.26"]
[EventType "swiss"]
[EventRounds "9"]
[EventCountry "USA"]
[SourceTitle "CBM 205 Extra"]
[Source "ChessBase"]
[SourceDate "2022.01.31"]
[SourceVersion "1"]
[SourceVersionDate "2022.01.31"]
[SourceQuality "1"]

1. d4 d5 2. c4 e6 3. Nc3 a6 4. Nf3 dxc4 5. e3 b5 6. a4 b4 7. Nb1 Nf6 8. Bxc4 c5 9. 0-0 Bb7 10. Nbd2 Nbd7 11. Nb3 Qc7 12. Qe2 Ne4 13. Bd2 Nxd2 14. Nbxd2 Be7 15. Rfc1 0-0 16. Bd3 Rfd8 17. Nb3 g6 18. dxc5 Nxc5 19. Nxc5 Bxc5 20. Qc2 Rac8 21. Be4 b3 22. Qxc5 Qxc5 23. Rxc5 Bxe4 24. Rxc8 Rxc8 25. Nd4 Bd5 26. e4 Bxe4 27. Nxb3 Bd5 28. Rc1 Rb8 29. Nc5 a5 30. b3 Rb4 31. f3 g5 32. Kf2 Kf8 33. Rc3 Ke7 34. Ke3 h6 35. h3 f5 36. Rd3 Kd6 37. Rc3 h5 38. Kd3 e5 39. Kc2 g4 40. hxg4 hxg4 41. Nd3 gxf3 42. gxf3 Rh4 43. Ne1 Rh2+ 44. Kc1 Rf2 45. Re3 Rf1 46. Kd2 f4 47. Rc3 Rh1 48. Nd3 Rh2+ 49. Ke1 Rh3 50. Nb2 Bxf3 51. Nc4+ Ke6 52. Nxa5 e4 53. Nc4 Kd5 54. Nb6+ Kd4 55. Rc4+ Ke5 56. Nd7+ Ke6 57. Nc5+ Kd5 58. Nd3 exd3 59. Rxf4 Ke5 60. Rf8 Kd4 0-1

[Event "Charlotte CCCSA Summer IM-D"]
[Site "Charlotte"]
[Date "2021.07.29"]
[Round "2"]
[White "Kolay, Alex"]
[Black "Yanayt, Eugene"]
[Result "1-0"]
[WhiteElo "2203"]
[BlackElo "2146"]
[PlyCount "63"]
[EventDate "2021.07.28"]
[EventType "tourn"]
[EventRounds "9"]
[EventCountry "USA"]
[SourceTitle "CBM 203 Extra"]
[Source "ChessBase"]
[SourceDate "2021.09.30"]
[SourceVersion "1"]
[SourceVersionDate "2021.09.30"]
[SourceQuality "1"]

1. d4 Nf6 2. c4 g6 3. Nc3 Bg7 4. e4 d6 5. Nf3 0-0 6. h3 a5 7. Be3 Na6 8. g4 c6 9. Be2 Nc7 10. Nd2 b5 11. cxb5 cxb5 12. Nxb5 Nxb5 13. Bxb5 Bb7 14. Bd3 a4 15. 0-0 d5 16. e5 Ne4 17. f3 Nxd2 18. Qxd2 Qb6 19. f4 f6 20. Rac1 Rac8 21. Rxc8 Rxc8 22. Rc1 Rxc1+ 23. Qxc1 g5 24. Bf2 gxf4 25. Qxf4 fxe5 26. dxe5 Qxb2 27. e6 Bf6 28. Qh6 Bg7 29. Bxh7+ Kh8 30. Qh5 Qc1+ 31. Kg2 Bh6 32. Bd4+ 1-0

[Event "World op 48th"]
[Site "ICC INT"]
[Date "2020.08.09"]
[Round "8"]
[White "Kolay, Alex"]
[Black "Vakhidov, Jahongir"]
[Result "0-1"]
[WhiteElo "2208"]
[BlackElo "2533"]
[PlyCount "68"]
[EventDate "2020.08.07"]
[EventType "swiss"]
[EventRounds "9"]
[EventCountry "USA"]
[SourceTitle "CBM 197 Extra"]
[Source "ChessBase"]
[SourceDate "2020.09.30"]
[SourceVersion "1"]
[SourceVersionDate "2020.09.30"]
[SourceQuality "1"]

1. d4 d6 2. Nf3 Nf6 3. c4 g6 4. Nc3 Bf5 5. h3 Bg7 6. g4 Bd7 7. e4 0-0 8. Be3 Na6 9. Be2 c5 10. d5 Rb8 11. Nd2 Nc7 12. Qc2 b5 13. g5 Nh5 14. Rb1 Qc8 15. h4 Bg4 16. Bd3 bxc4 17. Bxc4 Be5 18. Ne2 Nb5 19. Bxb5 Rxb5 20. f3 Bd7 21. Nc4 Bg7 22. Kf2 f5 23. gxf6 Rxf6 24. Kg2 Bg4 25. Rbf1 Bxf3+ 26. Rxf3 Qg4+ 27. Rg3 Nxg3 28. Nxg3 Rf3 29. Bf2 Bd4 30. Be1 Rb8 31. b3 Rbf8 32. Qd2 Rxg3+ 33. Bxg3 Rf3 34. Rh3 Rf2+ 0-1

[Event "World op 48th"]
[Site "ICC INT"]
[Date "2020.08.09"]
[Round "7"]
[White "Nathan, Krishna"]
[Black "Kolay, Alex"]
[Result "0-1"]
[WhiteElo "2022"]
[BlackElo "2208"]
[PlyCount "82"]
[EventDate "2020.08.07"]
[EventType "swiss"]
[EventRounds "9"]
[EventCountry "USA"]
[SourceTitle "CBM 197 Extra"]
[Source "ChessBase"]
[SourceDate "2020.09.30"]
[SourceVersion "1"]
[SourceVersionDate "2020.09.30"]
[SourceQuality "1"]

1. d4 d5 2. Bf4 Nf6 3. e3 c5 4. dxc5 Qa5+ 5. Nc3 e6 6. a3 Qxc5 7. Bd3 Bd6 8. Bxd6 Qxd6 9. Nf3 Nc6 10. 0-0 0-0 11. Nd4 e5 12. Nxc6 bxc6 13. e4 Bg4 14. Be2 Be6 15. exd5 cxd5 16. f4 Qb6+ 17. Kh1 exf4 18. Na4 Qe3 19. Rf3 Qe5 20. Rf1 Ne4 21. Bf3 f5 22. Qe1 Rf6 23. b4 g5 24. Nc5 g4 25. Nd3 Qd6 26. Be2 f3 27. gxf3 Rh6 28. f4 g3 29. Bf3 Rxh2+ 30. Kg1 Rxc2 31. Nc5 Nxc5 32. Qxg3+ Kh8 33. bxc5 Qxc5+ 34. Kh1 Rg8 35. Qh4 Qf8 36. Rg1 Rc3 37. Rxg8+ Bxg8 38. Bh5 d4 39. Rg1 Rxa3 40. Bg6 Ra6 41. Qh5 Qg7 0-1

[Event "PNWCC Online Masters WOO"]
[Site "Chess.com INT"]
[Date "2020.07.05"]
[Round "4.33"]
[White "Kolay, Alex"]
[Black "Ho, Cooper"]
[Result "1-0"]
[WhiteElo "2208"]
[BlackElo "1663"]
[PlyCount "145"]
[EventDate "2020.07.04"]
[EventType "swiss (rapid)"]
[EventRounds "9"]
[EventCountry "USA"]
[SourceTitle "CBM 197 Extra"]
[Source "ChessBase"]
[SourceDate "2020.09.30"]
[SourceVersion "1"]
[SourceVersionDate "2020.09.30"]
[SourceQuality "1"]

1. d4 d5 2. c4 c6 3. Nf3 Nf6 4. Nc3 dxc4 5. a4 Bf5 6. e3 e6 7. Bxc4 Bb4 8. 0-0 Nbd7 9. Qe2 0-0 10. e4 Bg6 11. Bd3 Bh5 12. e5 Nd5 13. Nxd5 cxd5 14. Qe3 h6 15. Ne1 f6 16. Qg3 fxe5 17. Bxh6 Qf6 18. Bg5 Qf7 19. dxe5 Nc5 20. Bc2 Be2 21. Be3 Ne4 22. Bxe4 dxe4 23. Nc2 Bxf1 24. Rxf1 Ba5 25. Nd4 Bb6 26. Nb5 Bxe3 27. Qxe3 Qf4 28. Qd4 e3 29. Qxe3 Qxe3 30. fxe3 Rxf1+ 31. Kxf1 Rf8+ 32. Ke2 Rf5 33. Nd6 Rxe5 34. Nxb7 Rd5 35. b4 Kf7 36. Na5 Kf6 37. Nc6 Rd6 38. Nd4 Rd7 39. b5 e5 40. Nc6 Ke6 41. e4 Rc7 42. Kd3 Kd6 43. Na5 Kc5 44. Nc6 Kd6 45. Na5 Kc5 46. Kc3 Kd6+ 47. Nc4+ Ke6 48. a5 Rb7 49. Kb4 Rd7 50. b6 axb6 51. axb6 Rb7 52. Kb5 Kd7 53. Na5 Rb8 54. Nc6 Rb7 55. Nxe5+ Kd6 56. Nc4+ Kd7 57. Na5 Rb8 58. b7 Kc7 59. Ka6 g5 60. Ka7 Re8 61. h3 Rh8 62. g3 Re8 63. Nc6 Kxc6 64. b8Q Rxb8 65. Kxb8 Kd6 66. h4 gxh4 67. gxh4 Ke5 68. h5 Kf6 69. Kc7 Kg5 70. e5 Kxh5 71. e6 Kg6 72. e7 Kf7 73. Kd7 1-0

[Event "PNWCC Online blitz JP 10th"]
[Site "Chess.com INT"]
[Date "2020.05.16"]
[Round "3"]
[White "Kolay, Alex"]
[Black "Gabrielian, Artur"]
[Result "0-1"]
[WhiteElo "2208"]
[BlackElo "2463"]
[PlyCount "60"]
[EventDate "2020.05.16"]
[EventType "swiss (blitz)"]
[EventRounds "11"]
[EventCountry "USA"]
[SourceTitle "CBM 196 Extra"]
[Source "ChessBase"]
[SourceDate "2020.07.31"]
[SourceVersion "1"]
[SourceVersionDate "2020.07.31"]
[SourceQuality "1"]

1. d4 Nf6 2. c4 c5 3. d5 e6 4. Nc3 exd5 5. cxd5 d6 6. Nf3 g6 7. Nd2 Nbd7 8. e3 Bg7 9. Be2 0-0 10. 0-0 a6 11. a4 Re8 12. Ra3 Rb8 13. Qc2 Ne5 14. e4 Bg4 15. f3 Bc8 16. Re1 Nh5 17. Nf1 f5 18. f4 Ng4 19. Bxg4 fxg4 20. a5 b5 21. axb6 Rxb6 22. g3 Rb4 23. Kg2 Bb7 24. Bd2 Nf6 25. Rb3 a5 26. Rxb4 axb4 27. Nd1 Nxe4 28. Nde3 Nf6 29. Qd3 Qa8 30. Kg1 Nxd5 0-1

[Event "Moscow Aeroflot op-B"]
[Site "Moscow"]
[Date "2020.02.27"]
[Round "9"]
[White "Kolay, Alex"]
[Black "Heinemann, Josefine"]
[Result "1/2-1/2"]
[WhiteElo "2248"]
[BlackElo "2304"]
[PlyCount "43"]
[EventDate "2020.02.19"]
[EventType "swiss"]
[EventRounds "9"]
[EventCountry "RUS"]
[SourceTitle "CBM 195 Extra"]
[Source "ChessBase"]
[SourceDate "2020.05.31"]
[SourceVersion "1"]
[SourceVersionDate "2020.05.31"]
[SourceQuality "1"]

1. d4 Nf6 2. c4 e6 3. Nf3 b6 4. a3 Bb7 5. Nc3 d5 6. cxd5 Nxd5 7. Qc2 Nxc3 8. bxc3 c5 9. e4 Nd7 10. Bd3 Qc7 11. 0-0 cxd4 12. cxd4 Qxc2 13. Bxc2 Be7 14. Bb2 0-0 15. Rac1 Rac8 16. Bd3 h6 17. Rxc8 Rxc8 18. Rc1 Rxc1+ 19. Bxc1 a6 20. Kf1 Kf8 21. Ke2 Ke8 22. h3 1/2-1/2

[Event "Moscow Aeroflot op-B"]
[Site "Moscow"]
[Date "2020.02.24"]
[Round "6"]
[White "Skatchkov, Valery"]
[Black "Kolay, Alex"]
[Result "1-0"]
[WhiteElo "2293"]
[BlackElo "2248"]
[PlyCount "105"]
[EventDate "2020.02.19"]
[EventType "swiss"]
[EventRounds "9"]
[EventCountry "RUS"]
[SourceTitle "CBM 195"]
[Source "ChessBase"]
[SourceDate "2020.04.30"]
[SourceVersion "1"]
[SourceVersionDate "2020.04.30"]
[SourceQuality "1"]

1. d4 d5 2. c4 c6 3. Nf3 Nf6 4. Nc3 dxc4 5. a4 Bf5 6. Ne5 Nbd7 7. Nxc4 Qc7 8. g3 e5 9. dxe5 Nxe5 10. Bf4 Nfd7 11. Bg2 g5 12. Ne3 gxf4 13. Nxf5 0-0-0 14. Qc2 Nc5 15. 0-0 fxg3 16. hxg3 a5 17. Rad1 h5 18. Ne4 Nxe4 19. Qxe4 Bb4 20. Rxd8+ Rxd8 21. Qh4 Kb8 22. Qxh5 Nc4 23. Rb1 Nd2 24. Rc1 Qe5 25. Rc2 Ne4 26. e3 Nd6 27. Qh4 Rd7 28. Nd4 c5 29. Nf3 Qe4 30. Qh8+ Qe8 31. Qe5 Qxe5 32. Nxe5 Rc7 33. b3 f6 34. Nc4 Nxc4 35. bxc4 Rd7 36. Bd5 Kc7 37. e4 Kd6 38. f4 b6 39. Rh2 Rg7 40. Kf2 Bc3 41. Rh8 Kc7 42. Ra8 Re7 43. Kf3 Bd4 44. g4 Bc3 45. Ke2 Bb2 46. e5 fxe5 47. f5 e4 48. g5 Rg7 49. f6 Rxg5 50. f7 Bg7 51. Rg8 Rg2+ 52. Kf1 Rg5 53. Rxg7 1-0